| 000 | 00000nas 2200000zi 4500 |
| 001 | 9.882106 |
| 003 | CaOODSP |
| 005 | 20221107170218 |
| 006 | m o d f |
| 007 | cr ||||||||||| |
| 008 | 191118d19501965onc x m o f0###a0eng|d |
| 040 | |aCaOODSP|beng|erda|cCaOODSP |
| 043 | |an-cn--- |
| 086 | 1 |aM67E-PDF |
| 130 | 0 |aGeographical paper (Canada. Geographical Branch) |
| 245 | 10|aGeographical paper / |cGeographical Branch. |
| 246 | 13|aÉtude géographique |
| 246 | 13|5Geographical papers |
| 264 | 1|aOttawa : |bDepartment of Mines and Technical Surveys, Geographical Branch, |c1950-1965. |
| 310 | |aIrregular |
| 336 | |atext|btxt|2rdacontent |
| 337 | |acomputer|bc|2rdamedia |
| 338 | |aonline resource|bcr|2rdacarrier |
| 362 | 0 |aNo. 1-39. |
| 500 | |aIssued also in French under title: Étude géographique. |
| 500 | |aDigitized edition from print [produced by Environment and Climate Change Canada]. |
| 500 | |aNo. 1-10 also issued as Miscellaneous papers series. |
| 546 | |aText in English; some issues with text in English and French. |
| 692 | 07|2gccst|aGeography |
| 710 | 1 |aCanada. |bDepartment of Mines and Technical Surveys. |
| 710 | 1 |aCanada. |bGeographical Branch. |
| 775 | 08|tÉtude géographique / |w(CaOODSP)9.882207 |